000 00484nam a2200181Ia 4500
005 20250317055612.0
008 240331s9999 xx 000 0 und d
020 _a0415076943
082 _a301
_bMOU
_25397
100 _aMouzelis, N
245 0 _aSociological Theory: What Went Wrong?
_bDiagnosis and Remedies
260 _aLondon;
_aNew York,
_bRoutledge
_c1995
300 _axi, 220 p.,
650 _aSociology
650 _aPost-Structuralism
650 _aEvolution
942 _cL
999 _c1068
_d1068